Statistics for Peninsulas of the World

Click here to take the quiz!

General Stats

  • This quiz has been taken 45 times
  • The average score is 11 of 15

Answer Stats

HintPeninsula% Correct
The Northern half of this peninsula, is ruled by Kim Jong UnKorea
100%
.... CaliforniaBaja
90%
Most important peninsula in the Black seaCrimea
90%
Ethiopia, Somalia, Eritrea, and Djibouti are all situated hereHorn of Africa
88%
Peninsula where most of Norway, Sweden, and Finland are situatedScandinavia
85%
Peninsula which most of Denmark is situated onJutland
83%
Largest peninsula in RussiaKamchatka
76%
The asteroid that ended the age of the dinosaurs, impacted hereYucatan
76%
The longest waterway on this peninsula is the Tagus riverIberia
71%
Largest peninsula in Southeast AsiaIndochina
71%
Worlds largest peninsulaArabia
63%
Most populated peninsula in the WorldIndian
63%
Largest peninsula in CanadaLabrador
59%
Largest peninsula in Queensland, AustraliaCape York
44%
" The land of the Snow Queen " in RussiaKola
29%

Score Distribution

Percentile by Number Answered

Percent of People with Each Score

Your Score History

You have not taken this quiz